Litwa w roku 1812 / (Rekord nr 27818)
| 000 -Nagłówek | |
|---|---|
| fixed length control field | 01620cam a2200397 i 4500 |
| 001 - Nr kontrolny bibl., która utworzyła rek. | |
| control field | zz2003981188 |
| 003 - Siglum bibl., której nr kontr. jest w 001 | |
| control field | NUKAT |
| 005 - Data i czas ostatniej operacji | |
| control field | 20260427220514.0 |
| 008 - Elementy pola stałej długości | |
| fixed length control field | 030611s1912 pl |001 0 pol c |
| 035 ## - Systemowy numer kontrolny | |
| systemowy numer kontrolny | (OCoLC)1412990329 |
| 035 ## - Systemowy numer kontrolny | |
| systemowy numer kontrolny | (NUKAT)zz2003981188 |
| 040 ## - Instytucja sporządzająca opis | |
| Instytucja, która sporządziła opis | LUBL M/mm |
| Instytucja, która sporządziła rekord | LUBL M/mm |
| Instytucja, która zmodyfikowała rekord | LUBL M/JD |
| -- | GD U/KMs |
| -- | TOR U/WS |
| 041 0# - Kod nazwy języka dokumentu | |
| Język tekstu | pol |
| -- | fre |
| 100 1# - Hasło główne-nazwa osobowa | |
| Nazwa osobowa | Iwaszkiewicz, Janusz |
| Daty biograficzne | (1879-1944). |
| 9 (RLIN) | 40716 |
| 245 10 - Tytuł właściwy i oznaczenie odpow. | |
| tytuł | Litwa w roku 1812 / |
| dod. inf. ze s. tyt./ozn. odpow. | przez Janusza Iwaszkiewicza. |
| 260 ## - Adres wydawniczy | |
| miejsce wydania, dystrybucji itp. | Kraków ; |
| -- | Warszawa : |
| nazwa wydawcy, dystrybutora itp. | Druk W. L. Anczyca i Spółki, |
| data wydania, dystrybucji itp. | 1912. |
| 300 ## - Opis fizyczny | |
| objętość i/lub forma materiału | XIV, 439, [2] s. : |
| inne szczegóły opisu fizycznego | err. ; |
| format | 23 cm. |
| 336 ## - Content Type | |
| Term | Tekst |
| Code | txt |
| Source | rdacontent |
| 337 ## - Media Type | |
| Term | Bez urządzenia pośredniczącego |
| Code | n |
| Source | rdamedia |
| 338 ## - Carrier Type | |
| Term | Wolumin |
| Code | nc |
| Source | rdacarrier |
| 490 1# - Tytuł serii i ks. wielotom.-nie do wysz. | |
| oznaczenie serii | Monografie w Zakresie Dziejów Nowożytnych ; |
| numer woluminu | t. 9 |
| 504 ## - Uwaga o bibliografii | |
| uwaga o bibliografii | Indeks. |
| 530 ## - Uwaga o dod. formie fiz. materiału | |
| uwaga o dodatkowej fizycznej formie dokumentu | Dostępne również w formie elektronicznej. |
| 546 ## - Uwaga o języku opisywanego materiału | |
| uwaga o języku | Tekst w przypisach częśc. w jęz. fr. |
| 591 ## - Inny rodzaj relacji | |
| Inny rodzaj relacji | Współoprawne z: Rządy rosyjskie w Kraju Tarnopolskim 1809-1815 / przez Jana Leszczyńskiego. - Kraków ; Warszawa, 1903; nr inw. 15435/3. |
| 648 #7 - SUBJECT ADDED ENTRY--CHRONOLOGICAL TERM | |
| Chronological term | 1801-1900 |
| Source of heading or term | DBN |
| 9 (RLIN) | 36037 |
| 651 #7 - Hasło przedmiotowe-nazwa geogr. | |
| nazwa geograficzna | Kresy wschodnie Rzeczypospolitej |
| źródło hasła | DBN |
| 9 (RLIN) | 36023 |
| 651 #7 - Hasło przedmiotowe-nazwa geogr. | |
| nazwa geograficzna | Litwa |
| źródło hasła | DBN |
| 9 (RLIN) | 35756 |
| 651 #7 - Hasło przedmiotowe-nazwa geogr. | |
| nazwa geograficzna | Litwa |
| określnik chronologiczny | 1812 (Okupacja francuska). |
| źródło hasła | kaba |
| 9 (RLIN) | 40718 |
| 658 ## - Nazwa określająca cel programu nauczania | |
| główny cel programu nauczania | Historia |
| 710 2# - Hasło dodatkowe - nazwa ciała zbior. | |
| nazwa ciała zbior. lub nazwa geogr. | W. L. Anczyc i Spółka. |
| kod rodzaju współpracy | pbl |
| 9 (RLIN) | 4292 |
| 787 ## - Inny rodzaj relacji | |
| informacja identyfikująca | 15435/3 |
| tytuł z rek. związanego | Rządy rosyjskie w Kraju Tarnopolskim 1809-1815 |
| nr kontr. rek. związ. | zz2004872298 |
| 830 #0 - Hasło dod. serii i op. ks. wielotom. -tyt | |
| tytuł | Monografie w Zakresie Dziejów Nowożytnych |
| oznaczenie tomu | t. 9 |
| 9 (RLIN) | 4293 |
| 856 41 - Elektroniczne źródła danych i spos. dost. | |
| URL (Uniform Resource Locator) | <a href="http://bc.wbp.lublin.pl/publication/15048">http://bc.wbp.lublin.pl/publication/15048</a> |
| 942 ## - ADDED ENTRY ELEMENTS (KOHA) | |
| Source of classification or shelving scheme | Dewey Decimal Classification |
| Koha item type | pozycje dostępne na miejscu |
| Status wycofania | Status zagubienia | Klasyfikacja | Oprawione z | Status uszkodzenia | Blokada wypożyczeń | Kolekcja | Lokalizacja macierzysta | Lokalizacja bieżąca | Data nabycia | Numer akcesji | Źródło akcesji | il. wypożyczeń | Sygnatura | Kod kreskowy | Date last seen | Price effective from | Typ egz. |
|---|---|---|---|---|---|---|---|---|---|---|---|---|---|---|---|---|---|
| Dewey Decimal Classification | Współoprawne z: 15435/3 | nieuszkodzona | Pracownia Badań Księgozbiorów Historycznych | Biblioteka Instytutu Północnego w Olsztynie | Pracownia Badań Księgozbiorów Historycznych | 27/04/2026 | D-35/1964 | dar | 15435/3 | IPWK23821 | 27/04/2026 | 27/04/2026 | pozycje dostępne na miejscu |